| 000 | 00405nam a22001217a 4500 | ||
|---|---|---|---|
| 999 |
_c524989 _d524989 |
||
| 008 | 240205b ||||| |||| 00| 0 eng d | ||
| 100 |
_aNayak, Nandini _943030 |
||
| 245 | _aContesting ‘development’: Popular protest against a case of small-scale mining in central India | ||
| 260 | _aSocial Scientist | ||
| 300 | _a519(9-10), Sep-Oct, 2023: p.37-54 | ||
| 773 | _aSocial Scientist | ||
| 942 | _cAR | ||